|
|
|
|
| LEADER |
00000nab a2200000uu 4500 |
| 001 |
vtls010896579 |
| 003 |
SK-MaSNL |
| 005 |
20260303142211.0 |
| 008 |
230222|1941 xo |||||||||||||||||slo| |
| 015 |
|
|
|a SNBRB
|
| 035 |
|
|
|a (urnnbn)urn:nbn:sk:snk:ar-006l9z
|
| 035 |
|
|
|a (uuid)769b467f-e9a2-45ff-ac7d-27ee3a15de67
|
| 035 |
|
|
|a urn:nbn:sk:snk-ab8p7a
|
| 040 |
|
|
|a SNKBUCL
|b slo
|c SNKBUCL
|e AACR2
|
| 041 |
0 |
|
|a slo
|
| 044 |
|
|
|a xo
|c SK
|
| 100 |
1 |
|
|a Bokes, František,
|d 1906-1968
|4 aut
|9 103204
|
| 245 |
1 |
0 |
|a VILIAM PAULINY TÓTH, SLOVENSKÝ POSLANEC V R. 1869-1872.
|c František Bokes
|
| 773 |
0 |
|
|t Sborník Matice slovenskej
|g Roč. 19, č. 1-2 (1941), s. 88-124
|
| 954 |
|
|
|a odborná, vedecká literatúra pôvodná (slovenská)
|2 lita
|
| 958 |
|
|
|a OND
|
| 958 |
|
|
|a EUIPO
|
| 958 |
|
|
|a article10
|
| 999 |
|
|
|c 1981306
|d 1983236
|